[Event "ROM-ch U10"]
[Site "Calimanesti"]
[Date "2014.04.13"]
[Round "9"]
[White "Raboj, Luca"]
[Black "Ionescu, Luca"]
[Result "1-0"]
[WhiteElo "1001"]
[BlackElo "1001"]
[PlyCount "32"]
[EventDate "2014.04.06"]
[EventType "swiss"]
[EventRounds "9"]
[EventCountry "ROU"]
[SourceTitle "CBM 160 Extra"]
[Source "ChessBase"]
[SourceDate "2014.07.01"]
[SourceVersion "1"]
[SourceVersionDate "2014.07.01"]
[SourceQuality "1"]

1. e4 e5 2. Bc4 Nf6 3. Nf3 Nc6 4. Nc3 Bc5 5. Nxe5 Nxe5 6. Bb5 Nh5 7. Qxh5 g6 8. Qd1 Qe7 9. Nd5 Qh4 10. Nxc7+ Kd8 11. g3 Qg5 12. Nxa8 d5 13. d4 Bd6 14. Bxg5+ Be7 15. Qd2 dxe4 16. dxe5+ Bd7 1-0

[Event "ROM-ch U10"]
[Site "Calimanesti"]
[Date "2014.04.06"]
[Round "1"]
[White "Raboj, Luca"]
[Black "Dobrescu, Cezar Constantin"]
[Result "0-1"]
[WhiteElo "1001"]
[BlackElo "1272"]
[PlyCount "32"]
[EventDate "2014.04.06"]
[EventType "swiss"]
[EventRounds "9"]
[EventCountry "ROU"]
[SourceTitle "CBM 160 Extra"]
[Source "ChessBase"]
[SourceDate "2014.07.01"]
[SourceVersion "1"]
[SourceVersionDate "2014.07.01"]
[SourceQuality "1"]

1. e4 e5 2. Bc4 Bc5 3. Nf3 Nc6 4. Nc3 Nf6 5. d3 d6 6. Bg5 h6 7. Bxf6 Qxf6 8. 0-0 0-0 9. Nd5 Qg6 10. Nh4 Qg5 11. a3 Qxh4 12. b4 Bb6 13. Nxb6 axb6 14. Bd5 Qg5 15. Bc4 Bh3 16. f4 Qxg2# 0-1